00741nam a2200241 a 4500001001300000003000900013005001700022008004100039020002700080082001800107100003000125245003300155260002700188300000900215500003500224505001000259650003200269650003300301902000800334942000700342952013300349999001700482nice12345678IN_TiNIC20260116013814.0050524s1992 dela grp 000 0 eng  a0803970 c1957.5500a307.0610bKAV aKavanagh, Kathryn Hopkins aPromoting Cultural Diversity aDelhibSage Pub c1992 a160p aincludes index and biblioraphy2 aIndex aIntercultural Communication aMedical Profession-Sociology bSRS cBK 001040708StackRoom-aHMIbHMId2011-12-07g1957.55l1o307.0610 KAVp016130r2019-09-09s2019-09-06v1957.55w2005-05-24yBK c12598d12598